Individual pathways to crime in different types of neighborhood

Guardado en:  
Detalles Bibliográficos
Autores principales: Loeber, Rolf 1942-2017 (Autor) ; Wikstrom, Per-Olof H. (Autor)
Tipo de documento: Print Artículo
Lenguaje:Inglés
Publicado: National Council for Crime Prevention 1993
En:Enthalten in: Integrating Individual and Ecological Aspects of Crime (1993), Seite 169-204
Verificar disponibilidad: HBZ Gateway

MARC

LEADER 00000caa a22000002c 4500
001 1912589702
003 DE-627
005 20250127054953.0
007 tu
008 241217s1993 xx ||||| 00| ||eng c
035 |a (DE-627)1912589702 
035 |a (DE-599)KXP1912589702 
040 |a DE-627  |b ger  |c DE-627  |e rda 
041 |a eng 
084 |a 2,1  |2 ssgn 
100 1 |a Loeber, Rolf  |d 1942-2017  |e VerfasserIn  |0 (DE-588)1024418804  |0 (DE-627)719842913  |0 (DE-576)16933886X  |4 aut 
109 |a Loeber, Rolf 1942-2017  |a Loeber, R. 1942-2017 
245 1 0 |a Individual pathways to crime in different types of neighborhood 
264 1 |b National Council for Crime Prevention  |c 1993 
336 |a Text  |b txt  |2 rdacontent 
337 |a ohne Hilfsmittel zu benutzen  |b n  |2 rdamedia 
338 |a Band  |b nc  |2 rdacarrier 
700 1 |a Wikstrom, Per-Olof H.  |e VerfasserIn  |4 aut 
773 0 8 |i Enthalten in  |t Integrating Individual and Ecological Aspects of Crime  |g (1993), Seite 169-204 
773 1 8 |g year:1993  |g pages:169-204 
787 0 8 |i Forschungsdaten  |a Loeber, Rolf  |t Pittsburgh Youth Study Middle Sample (1987 - 1991) (Pittsburgh, Pennsylvania)  |d [Erscheinungsort nicht ermittelbar] : [Verlag nicht ermittelbar], 2016  |w (DE-627)1840043466 
787 0 8 |i Forschungsdaten  |a Loeber, Rolf  |t Pittsburgh Youth Study Oldest Sample (1987 - 2000) (Pittsburgh, Pennsylvania)  |d [Erscheinungsort nicht ermittelbar] : [Verlag nicht ermittelbar], 2016  |w (DE-627)1840043458 
935 |a mkri 
951 |a AR 
ELC |b 1 
LOK |0 000 xxxxxcx a22 zn 4500 
LOK |0 001 4637555205 
LOK |0 003 DE-627 
LOK |0 004 1912589702 
LOK |0 005 20241217044606 
LOK |0 008 241217||||||||||||||||ger||||||| 
LOK |0 035   |a (DE-2619)ICPSR135121 
LOK |0 040   |a DE-2619  |c DE-627  |d DE-2619 
LOK |0 092   |o n 
LOK |0 852   |a DE-2619 
LOK |0 852 1  |9 00 
LOK |0 935   |a uvkn  |a nacp 
LOK |0 939   |a 17-12-24  |b l01 
ORI |a SA-MARC-krimdoka001.raw